000 01016nam a22003257a 4500
001 302
003 FISKH
005 20250404085725.0
008 230317b cb ||||| |||| 00| 0 eng d
020 _a9780394800165
040 _aDLC
_cDLC
_beng
_dFISKH
042 _alcac
050 0 0 _aPZ8.3.G276
_bGr 2006
082 0 0 _a813.54
_222
100 1 _aGeisel, Theodor
_cDr.
_qTheodor Seuss Geisel
245 1 0 _aGreen eggs and ham /
_cby Dr. Seuss.
260 _aNew York
_bBeginner Books
_c1988
300 _a62 pages :
_bcolor illustrations ;
_c24 cm.
490 0 _aI can read it all by myself
505 _aD
520 _aSam-I-Am tries to determine under what circumstances the old man will eat ham and green eggs.
521 8 _a200
_bLexile
521 8 _aD
_bRaz-Plus
650 1 _aStories in rhyme.
650 1 _aNonsense verses.
650 1 _aFood
_vFiction.
906 _a7
_bcbc
_corigcop
_d2
_encip
_f20
_gy-gencatlg
942 _2ddc
_cBK
_n0
999 _c302
_d302